Statistics for Countries by Musical Act #3

Click here to take the quiz!

General Stats

  • This quiz has been taken 25 times
  • The average score is 8 of 15

Answer Stats

HintAnswer% Correct
Luciano PavarottiItaly
100%
Celine DionCanada
95%
Kylie MinogueAustralia
86%
RihannaBarbados
82%
ShakiraColombia
82%
Bee GeesAustralia
73%
Gordon LightfootCanada
59%
Andrés SegoviaSpain
55%
Celia CruzCuba
41%
Nicki MinajTrinidad and Tobago
36%
MorcedadesSpain
32%
Engelbert HumperdinckIndia
27%
Billy OceanTrinidad and Tobago
27%
Gino VanelliCanada
23%
Jemaine ClementNew Zealand
18%

Score Distribution

Percentile by Number Answered

Percent of People with Each Score

Your Score History

You have not taken this quiz